000 00780nam a2200241 a 4500
001 67650
003 BD-RjUL
005 20211209081659.0
008 170328s1993 ii b 001 0 eng
020 _a8170950368 :
_cRs380.00
035 _a(BD-RjUL)67859
040 _aDLC
_cDLC
_dDLC
_beng
041 _aeng
082 0 0 _a327.2
_223
_bKAP 1993
100 1 _aKapur, K. D.
_9200577
245 1 0 _aNuclear non-proliferation diplomacy :
_bnuclear power programmes in the Third World /
_cK.D. Kapur.
260 _aIndia :
_bLancers Books,
_c1993.
300 _axv, 394 p. :
_bill. ;
_c23 cm.
504 _aIncludes bibliographical references and index.
650 0 _aNuclear nonproliferation.
_9129274
650 0 _aNuclear industry
_zDeveloping countries.
_9200578
942 _2ddc
_cBK
999 _c67650
_d67650